00680nam a22001337a 4500999001500000008004100015020001800056082001400074100004300088245013900131250002400270260003100294952022100325 c8498d8498200220b ||||| |||| 00| 0 eng d a9789380501932 a004.6 PEC aPeterson, Larry L. & Davie, Bruce S.  aComputer NetworksbA Systems Approach (The Morgan Kaufmann Series in Networking)hEnglishn920 pagespDimensions: 7.8 x 2 x 9.5 inches a5thbMarch 25, 2011 aNew DelhibMorgan Kaufmann 00102ddc406004_600000000000000_PEC708BTECHCSE948945aPIETbPIETd2020-02-20eKIRTI PRAKASHAN NEW DELHIfIN Rupeesg575.00kIN6150l2o004.6 PECp31681r2024-09-30 00:00:00s2024-09-13t1v402.50w2020-01-23yBK